Sociálno-priestorová situácia a pocit subjektívnej chudoby vo vybraných regiónoch Slovenska

Chudoba ako sociálnopatologický jav. Rôzne podoby chudoby. Obdobie socializmu. Vývoj počas a po roku 1989. Stručná charakteristika piatich vybraných regiónov na Slovensku.

Gespeichert in:
Bibliographische Detailangaben
1. Verfasser: Madzinová, Michaela
Weitere Verfasser: Bystrická, Silvia
Format: Buchkapitel
Sprache:Slowakisch
Schlagworte:
Tags: Tag hinzufügen
Keine Tags, Fügen Sie das erste Tag hinzu!

MARC

LEADER 00000naa a2200000 4500
001 0164595
005 20231207083813.3
041 0 |a slo 
044 |a SK 
245 1 0 |a Sociálno-priestorová situácia a pocit subjektívnej chudoby vo vybraných regiónoch Slovenska  |c Michaela Madzinová, Silvia Bystrická 
520 |a Chudoba ako sociálnopatologický jav. Rôzne podoby chudoby. Obdobie socializmu. Vývoj počas a po roku 1989. Stručná charakteristika piatich vybraných regiónov na Slovensku. 
610 2 0 |a Slovensko 
610 2 0 |a regióny 
610 2 0 |a príjmy obyvateľstva 
610 2 0 |a chudoba 
610 2 0 |a prieskum štatistický 
610 2 0 |a úroveň životná 
100 1 |a Madzinová, Michaela 
700 1 |a Bystrická, Silvia